Dog parade

Bibliographic Details
Other Authors: De Luca, Araldo
Format: Book
Published: Italy : White Star Publishers , 2011
Subjects:

MARC

LEADER 00000cam a2200000 7i4500
001 0000089489
005 20230125112734.0
008 220619
020 |a 9788854405912 
041 0 |a English 
090 0 0 |a 636.7   |b DOG 
245 1 0 |a Dog parade 
260 |a Italy :   |b White Star Publishers ,   |c 2011 
300 |a 125 p. :   |b ill., col. ;   |c 23 cm. 
541 |c Purchased on 2021   |f 00299 TSR   |h RM70.95 
650 0 |a Dogs 
700 1 |a De Luca, Araldo 
999 |a 0001685152   |b Book   |c Adult Collection   |e Perbadanan Perpustakaan Awam Johor